Statistics for History Multiple Choice #4

Click here to take the quiz!

General Stats

  • This quiz has been taken 12,393 times
  • The average score is 8 of 15

Answer Stats

Question Answer % Correct
In what modern-day country was Stalin born?Georgia
79%
How did Napoleon die?Stomach cancer (or maybe poisoning), St. Helena, 1821
79%
Did the Mongols ever conquer China?Yes
76%
When did the Crimean War happen?1800s
68%
Did Buddha live before Jesus or after?Before
64%
What supposed Medieval practice was known as "droit du seigneur" or "jus primae noctis"?The right of a lord to sleep with a newlywed maiden
63%
What was the Balfour Declaration?A statement of British support for a Jewish homeland in Palestine
60%
What royal house did Queen Elizabeth I come from?Tudors
58%
Did the Incans have written language?No
55%
Who did John Hinckley shoot in 1981?Ronald Reagan
51%
In 1457, the Scottish Parliament banned football and golf. Why?Men were playing sports instead of practicing archery
50%
Croesus was the king of Lydia (in modern-day Turkey) during the 500s BC. What is he famous for?Being rich
42%
Why is Phineas Gage known to history?His personality changed when an iron rod was driven through his head
35%
What was the original worth of a British pound?A pound of silver
34%
True or false. Before the arrival of Europeans, the Hawaiian islands had high levels of social equality.False
24%

Score Distribution

Percentile by Number Answered

Percent of People with Each Score

Your Score History

You have not taken this quiz